| 000 | 01791nam a2200373Ia 4500 | ||
|---|---|---|---|
| 001 | ebr10174035 | ||
| 003 | CaPaEBR | ||
| 006 | m u | ||
| 007 | cr cn||||||||| | ||
| 008 | 040122s2003 njua sb 100 0 eng d | ||
| 020 | _z9812384553 | ||
| 040 |
_aCaPaEBR _cCaPaEBR |
||
| 035 | _a(OCoLC)251539066 | ||
| 050 | 1 | 4 |
_aQC794.6.M85 _bI593 2003eb |
| 111 | 2 |
_aInternational Workshop on Multiparticle Production _n(10th : _d2002 : _cCrete, Greece) |
|
| 245 | 1 | 0 |
_aCorrelations & fluctuations in QCD _h[electronic resource] : _bproceedings of the 10th International Workshop on Multiparticle Production, Crete, Greece, 8-15 June 2002 / _cedited by N.G. Antoniou, F.K. Diakonos & C.N. Ktorides. |
| 246 | 1 | 8 | _aCorrelations and fluctuations in QCD |
| 246 | 1 |
_iTitle in preface: _aCorrelations and fluctuations in Quantum chromodynamics |
|
| 260 |
_aNew Jersey : _bWorld Scientific, _cc2003. |
||
| 300 |
_axii, 408 p. : _bill. |
||
| 504 | _aIncludes bibliographical references. | ||
| 533 |
_aElectronic reproduction. _bPalo Alto, Calif. : _cebrary, _d2009. _nAvailable via World Wide Web. _nAccess may be limited to ebrary affiliated libraries. |
||
| 650 | 0 |
_aParticles (Nuclear physics) _xMultiplicity _vCongresses. |
|
| 650 | 0 |
_aPairing correlations (Nuclear physics) _vCongresses. |
|
| 650 | 0 |
_aFluctuations (Physics) _vCongresses. |
|
| 650 | 0 |
_aNuclear fragmentation _vCongresses. |
|
| 650 | 0 |
_aQuantum chromodynamics _vCongresses. |
|
| 655 | 7 |
_aElectronic books. _2local |
|
| 700 | 1 |
_aAntoniou, N. G. _q(Nikos G.) |
|
| 700 | 1 |
_aDiakonos, F. K. _q(Fotis K.) |
|
| 700 | 1 |
_aKtorides, C. N. _q(Christos Nicolas), _d1944- |
|
| 710 | 2 | _aebrary, Inc. | |
| 856 | 4 | 0 |
_uhttp://site.ebrary.com/lib/rucke/Doc?id=10174035 _zAn electronic book accessible through the World Wide Web; click to view |
| 999 |
_c138267 _d138267 |
||